[Event "Open de la Loire"]
[Site "Comite Loire Echecs"]
[Date "2004.11.27"]
[Round "4.9"]
[White "Montroussier, Jacques"]
[Black "Granger, Thierry"]
[Result "1-0"]
[WhiteElo "1510"]
[BlackElo "1499"]
[PlyCount "79"]
[EventDate "2004.??.??"]

1. e4 c5 2. Nf3 e6 3. d4 cxd4 4. Nxd4 Nf6 5. Bg5 Be7 6. e5 Qa5+ 7. Nc3 Qxe5+ 8.
Be3 Nc6 9. Be2 O-O 10. Nf3 Qc7 11. Qd2 a6 12. O-O-O d5 13. h4 b5 14. h5 h6 15.
Bxh6 gxh6 16. Qxh6 Ng4 17. Qd2 Nxf2 18. h6 Nxh1 19. h7+ Kg7 20. Rxh1 f6 21.
Qh6+ Kf7 22. h8=Q Ke8 23. Qh5+ Kd7 24. Q8h7 Bb7 25. Nd2 Ne5 26. Qg7 Rfe8 27.
Qxf6 b4 28. Qh3 Qc6 29. Qxe5 bxc3 30. Nb3 cxb2+ 31. Kxb2 Rf8 32. Nd4 Qb6+ 33.
Ka1 Bf6 34. Qexe6+ Qxe6 35. Qxe6+ Kd8 36. c3 Rc8 37. Bg4 Rc7 38. Qd6+ Ke8 39.
Qxc7 Rf7 40. Bh5 1-0

[Event "Open de la Loire"]
[Site "Comite Loire Echecs"]
[Date "2004.11.27"]
[Round "4.10"]
[White "Choquelle, Jean"]
[Black "Carrot, Axel"]
[Result "0-1"]
[WhiteElo "1499"]
[BlackElo "1300"]
[PlyCount "43"]
[EventDate "2004.??.??"]

1. d4 d5 2. c4 dxc4 3. Qa4+ Nc6 4. Qxc4 Qxd4 5. Nd2 Qxc4 6. Nxc4 Nd4 7. Kd2 Bd7
8. e3 Nb5 9. Nf3 e6 10. Bd3 Bb4+ 11. Ke2 Nf6 12. Rd1 O-O 13. Nce5 Bc6 14. e4
Nxe4 15. Ng5 Nxg5 16. Bxg5 f6 17. Ng6 hxg6 18. Be3 Kh7 19. Rh1 b6 20. f3 Nd6
21. Rac1 Bd5 {erreur de notation} 22. Rxc7 0-1

[Event "Open de la Loire"]
[Site "Comite Loire Echecs"]
[Date "2004.11.27"]
[Round "4.11"]
[White "Campoy, Jean"]
[Black "Paratcha, Yohan"]
[Result "1-0"]
[WhiteElo "1450"]
[BlackElo "1310"]
[PlyCount "107"]
[EventDate "2004.??.??"]

1. e4 e5 2. Nf3 Nc6 3. Nc3 Nf6 4. d3 d5 5. exd5 Nxd5 6. Bd2 Bc5 7. Ne4 Bd4 8.
c3 Bc5 9. Nxc5 b6 10. Ne4 O-O 11. Be2 Re8 12. O-O Nf6 13. Bg5 Bf5 14. Nxf6+
gxf6 15. Bh4 e4 16. dxe4 Bxe4 17. Qxd8 Raxd8 18. Bxf6 Rd6 19. Bh4 Bxf3 20. Bxf3
Ne5 21. Bg3 Rd2 22. Bxe5 Rxe5 23. b3 c5 24. c4 f5 25. g3 Kg7 26. a4 a5 27. Rfe1
Rxe1+ 28. Rxe1 Kf6 29. Rd1 Rd4 30. Rxd4 cxd4 31. Kf1 Ke5 32. Ke2 f4 33. Kd3
fxg3 34. fxg3 h6 35. g4 Kf4 36. Bd1 Ke5 37. h4 Kd6 38. Kxd4 Kc6 39. g5 hxg5 40.
hxg5 Kd6 41. g6 Ke7 42. c5 bxc5+ 43. Kxc5 Kf8 44. Kb5 Kg7 45. Bh5 Kg8 46. Kxa5
Kg7 47. b4 Kh6 48. b5 Kg7 49. b6 Kh6 50. b7 Kg7 51. b8=Q Kh6 52. Qf4+ Kg7 53.
Kb5 Kg8 54. Qf7+ 1-0

[Event "Open de la Loire"]
[Site "Comite Loire Echecs"]
[Date "2004.11.27"]
[Round "4.12"]
[White "Brachet, Gerard"]
[Black "Trottet, Francois"]
[Result "0-1"]
[WhiteElo "1340"]
[BlackElo "1440"]
[PlyCount "98"]
[EventDate "2004.??.??"]

1. d4 d5 2. Nf3 c6 3. e3 Nf6 4. c4 e6 5. c5 b6 6. b4 Nbd7 7. Nc3 Be7 8. Bd3 h6
9. b5 Bb7 10. Ne5 Nxe5 11. dxe5 Nd7 12. bxc6 Bxc6 13. cxb6 Nxb6 14. a4 O-O 15.
a5 Nd7 16. Qh5 Bb4 17. Bb2 Bxa5 18. O-O Bb6 19. Nb5 Bxb5 20. Bxb5 Nc5 21. Ba3
Qc7 22. Rfc1 Qe7 23. Rd1 f6 24. Rd4 f5 25. Bd3 Qb7 26. Bc2 Rf7 27. Rb1 Qc7 28.
g4 Qxe5 29. gxf5 exf5 30. Bb2 Qe6 31. Rf4 Ne4 32. Qh3 Qg6+ 33. Qg2 Qxg2+ 34.
Kxg2 g5 35. Rf3 Rd8 36. Bxe4 dxe4 37. Rh3 Kh7 38. Rh5 Kg6 39. Rh3 f4 40. Kh1
Rd2 41. Kg1 fxe3 42. fxe3 Rff2 43. Bc1 Rg2+ 44. Kf1 Rdf2+ 45. Ke1 h5 46. Rb2
Rxb2 47. Bxb2 Rxb2 48. Kd1 g4 49. Rg3 Rxh2 0-1

[Event "Open de la Loire"]
[Site "Comite Loire Echecs"]
[Date "2004.11.27"]
[Round "4.13"]
[White "Bruyas, Benjamin"]
[Black "Giroux, Sylvain"]
[Result "1-0"]
[WhiteElo "1320"]
[BlackElo "1399"]
[PlyCount "29"]
[EventDate "2004.??.??"]

1. Nf3 d5 2. c4 Nf6 3. cxd5 Nxd5 4. Nc3 Nxc3 5. bxc3 g6 6. d4 Bg7 7. e4 c5 8.
Bc4 Bg4 9. Be3 Nc6 10. O-O cxd4 11. cxd4 Nxd4 12. Bxd4 Bxd4 13. Bb5+ Kf8 14.
Qxd4 Bxf3 15. Qxh8# 1-0

[Event "Open de la Loire"]
[Site "Comite Loire Echecs"]
[Date "2004.11.27"]
[Round "4.14"]
[White "Gregoire, Michele"]
[Black "Gerey, Jean-Pierre"]
[Result "1/2-1/2"]
[WhiteElo "1270"]
[BlackElo "1370"]
[PlyCount "77"]
[EventDate "2004.??.??"]

1. d4 d5 2. Nf3 Nf6 3. e3 Nc6 4. Bd3 g6 5. Nbd2 Bg7 6. c3 a6 7. O-O Qd6 8. Re1
O-O 9. e4 e6 10. e5 Qd8 11. exf6 Qxf6 12. Ne5 Ne7 13. Ndf3 h6 14. Bd2 {
erreur de notation} 14... Nf5 15. Rc1 b5 16. b3 Rd8 17. c4 dxc4 18. bxc4 Nxd4
19. Nxd4 Rxd4 20. Bc3 Rd8 21. cxb5 axb5 22. Qb3 Ba6 23. Bxb5 Bxb5 24. Qxb5 Rxa2
25. Re2 Rxe2 26. Qxe2 Rd5 27. g3 Qg5 28. f4 Qe7 29. Kg2 Qd8 30. h4 g5 31. h5
gxf4 32. gxf4 f6 33. Nc6 Qd6 34. Nd4 Qxf4 35. Qxe6+ Kh7 36. Qxd5 Qxc1 37. Qe4+
Kh8 38. Ne2 Qg5+ 39. Ng3 1/2-1/2

[Event "Open de la Loire"]
[Site "Comite Loire Echecs"]
[Date "2004.11.27"]
[Round "4.15"]
[White "Goudet, Maxence"]
[Black "Veyrat, Gerard"]
[Result "1/2-1/2"]
[WhiteElo "1520"]
[BlackElo "1220"]
[PlyCount "115"]
[EventDate "2004.??.??"]

1. e4 e5 2. Nf3 Nc6 3. Bb5 Nge7 4. O-O d5 5. d3 Bd7 6. exd5 Nxd5 7. Bxc6 Bxc6
8. Nxe5 Bd6 9. Nxc6 bxc6 10. Qe2+ Be7 11. Bd2 O-O 12. Nc3 Re8 13. Nxd5 cxd5 14.
Qg4 Bf6 15. Bc3 Qd6 16. Bxf6 Qxf6 17. c3 Rab8 18. Rab1 c6 19. Qd7 Ra8 20. Rfe1
Kf8 21. Rxe8+ Rxe8 22. Qxa7 Qe6 23. Qc5+ Kg8 24. h3 Qe2 25. Qxc6 Rf8 26. Qxd5
Qc2 27. Re1 Qxb2 28. Qb3 Qd2 29. Ra1 Qxd3 30. a4 h6 31. a5 Ra8 32. Qa3 Rc8 33.
Rc1 Qd2 34. a6 Ra8 35. a7 Rxa7 36. Qxa7 Qxc1+ 37. Kh2 Qxc3 38. Qb8+ Kh7 39. Qf4
f6 40. Qf5+ Kg8 41. Qg6 Qe1 42. Qf5 Kf7 43. Qh5+ Kg8 44. f3 Qe5+ 45. Qxe5 fxe5
46. Kg3 Kf7 47. f4 e4 48. f5 Kf6 49. Kf4 e3 50. Kxe3 Kxf5 51. g4+ Kg5 52. Kf3
Kh4 53. Kg2 g5 54. Kh2 h5 55. gxh5 Kxh5 56. Kg3 Kg6 57. Kg4 Kh6 58. Kg3 1/2-1/2

[Event "Open de la Loire"]
[Site "Comite Loire Echecs"]
[Date "2004.11.27"]
[Round "4.16"]
[White "Gidrol, Thibault"]
[Black "Tafazzoli, Mickael"]
[Result "0-1"]
[WhiteElo "1310"]
[BlackElo "1299"]
[PlyCount "62"]
[EventDate "2004.??.??"]

1. e4 e5 2. Nf3 Nc6 3. Nc3 Nf6 4. d4 exd4 5. Nxd4 Bc5 6. Nf5 d6 7. Bg5 Bxf5 8.
exf5 Qe7+ 9. Be2 h6 10. Qd5 hxg5 11. Qd2 Nd7 12. Nd5 Qd8 13. Qd3 Nce5 14. Qe4
c6 15. Nc3 Rh4 16. g4 Nf6 17. Qg2 Nexg4 18. O-O-O Nxf2 19. Rxd6 Qxd6 20. Re1
Be3+ 21. Kb1 Qd2 22. Qf1 O-O-O 23. a3 Rxh2 24. Qg1 Rh1 25. Qg3 Rxe1+ 26. Ka2
Re8 27. Bf3 Qxc2 28. Be4 N6xe4 29. Nxe4 Nd3 30. Nd6+ Kd7 31. Nxb7 Qxb2# 0-1

[Event "Open de la Loire"]
[Site "Comite Loire Echecs"]
[Date "2005.04.09"]
[Round "5.1"]
[White "Simon, Joel"]
[Black "Roche, Marius"]
[Result "0-1"]
[WhiteElo "1690"]
[BlackElo "1770"]
[PlyCount "82"]
[EventDate "2005.??.??"]

1. d4 g6 2. e4 d6 3. f4 Bg7 4. Nf3 c6 5. Nc3 Bg4 6. Be2 Qb6 7. Na4 Qa5+ 8. Nc3
Nd7 9. Be3 Qb6 10. Rb1 e5 11. Na4 Qa5+ 12. c3 Ngf6 13. b4 Qc7 14. Qd3 O-O 15.
O-O Rfe8 16. h3 exf4 17. Bxf4 Be6 18. Nb2 Nh5 19. Ng5 Nxf4 20. Rxf4 h6 21. Nxe6
Rxe6 22. Bg4 Re7 23. Rbf1 a5 24. b5 c5 25. Qf3 Rf8 26. Bxd7 Rxd7 27. d5 c4 28.
a4 Qb6+ 29. Kh1 Qc5 30. Qe2 Rc7 31. Qd2 Be5 32. R4f3 Bg7 33. g4 Re7 34. Qe2
Rfe8 35. Qxc4 Qxc4 36. Nxc4 Rc8 37. Ne3 Rxc3 38. Kg2 Rec7 39. Nd1 Rxf3 40. Kxf3
Rc4 41. Ne3 Rxa4 0-1

[Event "Open de la Loire"]
[Site "Comite Loire Echecs"]
[Date "2005.04.09"]
[Round "5.2"]
[White "Vier, Serge"]
[Black "Guevorkian, Spartak"]
[Result "0-1"]
[WhiteElo "1870"]
[BlackElo "1699"]
[PlyCount "68"]
[EventDate "2005.??.??"]

1. d4 Nf6 2. c4 e6 3. Nf3 Nc6 4. Nc3 Bb4 5. Qc2 h6 6. e3 b6 7. g3 Bb7 8. Bg2
Ne7 9. O-O Bxc3 10. Qxc3 d6 11. b3 Be4 12. Nd2 Bxg2 13. Kxg2 O-O 14. Bb2 Qd7
15. e4 Rfe8 16. Rad1 Qc8 17. Rfe1 d5 18. cxd5 exd5 19. e5 Nh7 20. Rc1 c6 21. f4
Qd7 22. Ba3 Rac8 23. Bd6 Nf5 24. Ba3 Re6 25. Nf1 g5 26. Ne3 Rg6 27. Rf1 gxf4
28. Rxf4 Nxe3+ 29. Qxe3 Ng5 30. Rcf1 Qh3+ 31. Kg1 Rc7 32. Rf6 Rg7 33. R1f4 Ne4
34. Rh4 Qxh4 0-1

[Event "Open de la Loire"]
[Site "Comite Loire Echecs"]
[Date "2005.04.09"]
[Round "5.3"]
[White "Pareux, Marc"]
[Black "Gaillard, Pierre"]
[Result "0-1"]
[WhiteElo "1530"]
[BlackElo "1830"]
[PlyCount "55"]
[EventDate "2005.??.??"]

1. d4 d5 2. e4 e6 3. Be3 Nf6 4. Nd2 a6 5. e5 Nfd7 6. f4 c5 7. c3 Nc6 8. Ndf3 b5
9. Bd3 c4 10. Bc2 a5 11. a4 b4 12. Ne2 Be7 13. O-O b3 14. Bb1 Qc7 15. Qe1 Nb6
16. Ng3 Bd7 17. f5 O-O-O 18. Ng5 Rdf8 19. Nxh7 Rxh7 20. fxe6 Bxe6 21. Bxh7 g6
22. Bxg6 fxg6 23. Rxf8+ Bxf8 24. Bg5 Be7 25. Bf6 Qd8 26. Qf2 Bxf6 27. exf6 Nd7
28. Rf1 0-1

[Event "Open de la Loire"]
[Site "Comite Loire Echecs"]
[Date "2005.04.09"]
[Round "5.4"]
[White "Mialon, Franck"]
[Black "Desassis, Gregoire"]
[Result "0-1"]
[WhiteElo "1410"]
[BlackElo "1660"]
[PlyCount "66"]
[EventDate "2005.??.??"]

1. e4 e6 2. d4 d5 3. Nc3 Bb4 4. Bd2 dxe4 5. Nxe4 Qxd4 6. Bd3 Bxd2+ 7. Qxd2 Qxb2
8. Rc1 Qxa2 9. Nf3 Nc6 10. Qg5 Qa5+ 11. c3 Qxg5 12. Nexg5 Nf6 13. O-O O-O 14.
Ne4 Nxe4 15. Bxe4 f5 16. Bb1 b6 17. Ba2 Ba6 18. Rfe1 Rae8 19. Ng5 Nd8 20. Rcd1
Bc8 21. Re5 h6 22. Nf3 Nf7 23. Re3 Kh7 24. Bb1 Rd8 25. Rde1 c5 26. h3 c4 27. g4
g6 28. Nh4 Ng5 29. gxf5 gxf5 30. f4 Ne4 31. Kh1 Bb7 32. Bxe4 Bxe4+ 33. Kh2 Rd2+
0-1

[Event "Open de la Loire"]
[Site "Comite Loire Echecs"]
[Date "2005.04.09"]
[Round "5.5"]
[White "Gidon, Rene"]
[Black "Borron, Herve"]
[Result "1-0"]
[WhiteElo "1540"]
[BlackElo "1520"]
[PlyCount "57"]
[EventDate "2005.??.??"]

1. e4 e6 2. d4 d5 3. Nc3 Bb4 4. e5 c5 5. a3 Bxc3+ 6. bxc3 Qc7 7. Nf3 Ne7 8. Bd3
b6 9. O-O Ba6 10. Re1 Bxd3 11. Qxd3 O-O 12. Ng5 Nf5 13. g4 c4 14. Qh3 Nh6 15.
Nf3 f6 16. Bxh6 gxh6 17. Qxh6 Nd7 18. Re3 Kh8 19. Kh1 Rg8 20. Rg1 Raf8 21. g5
Rg6 22. Qh5 fxe5 23. Nh4 Rg7 24. Rh3 Kg8 25. Qg4 Rf4 26. Qxe6+ Kf8 27. Nf5 Rf7
28. g6 Rf6 29. g7# 1-0

[Event "Open de la Loire"]
[Site "Comite Loire Echecs"]
[Date "2005.04.09"]
[Round "5.6"]
[White "Carrot, Axel"]
[Black "Doucet, Medhi"]
[Result "1/2-1/2"]
[WhiteElo "1480"]
[BlackElo "1620"]
[PlyCount "53"]
[EventDate "2005.??.??"]

1. d4 d5 2. Bf4 Nf6 3. Nc3 Bd7 4. e3 e6 5. Bd3 g6 6. Nf3 Bg7 7. O-O a6 8. Qe2
O-O 9. h3 Nc6 10. Ne5 Nxe5 11. Bxe5 Ne8 12. Bxg7 Nxg7 13. e4 Bc6 14. e5 Qe7 15.
a3 Nf5 16. Bxf5 exf5 17. Qf3 Qe6 18. Rfe1 Rfe8 19. Re3 Rad8 20. Qf4 b5 21. Qg5
Qe7 22. Qxe7 Rxe7 23. f4 Bb7 24. b4 Re6 25. Ne2 a5 26. c3 Ra6 27. Rb1 1/2-1/2

[Event "Open de la Loire"]
[Site "Comite Loire Echecs"]
[Date "2005.04.09"]
[Round "5.7"]
[White "Moleins, Jean-Pierre"]
[Black "Bruyas, Benjamin"]
[Result "1-0"]
[WhiteElo "1499"]
[BlackElo "1410"]
[PlyCount "65"]
[EventDate "2005.??.??"]

1. e4 e6 2. d4 d5 3. e5 c5 4. c3 Nc6 5. Bb5 a6 6. Bxc6+ bxc6 7. Nf3 cxd4 8.
cxd4 c5 9. O-O cxd4 10. Nxd4 Bc5 11. Qg4 g6 12. Bg5 Qc7 13. Nf3 Ne7 14. Bf6 O-O
15. h4 Nf5 16. h5 Bb7 17. hxg6 fxg6 18. Nbd2 d4 19. Nh4 Nxh4 20. Qxe6+ Qf7 21.
Qxf7+ Rxf7 22. Bxh4 Re8 23. Bg3 Rf5 24. f4 d3+ 25. Kh1 Be3 26. Nc4 Bc5 27. Rac1
Rd8 28. Rfd1 Bc6 29. Nd2 Be3 30. Rxc6 Rh5+ 31. Bh2 Bxf4 32. Nf3 d2 33. Rd6 1-0

[Event "Open de la Loire"]
[Site "Comite Loire Echecs"]
[Date "2005.04.09"]
[Round "5.8"]
[White "Campoy, Jean"]
[Black "Trottet, Francois"]
[Result "1-0"]
[WhiteElo "1450"]
[BlackElo "1420"]
[PlyCount "82"]
[EventDate "2005.??.??"]

1. e4 c5 2. d3 Nc6 3. c4 g6 4. Bd2 Bg7 5. Nc3 d6 6. Nf3 a6 7. Be2 Nf6 8. O-O
O-O 9. a3 e6 10. Rb1 h6 11. h3 Kh8 12. Qc1 Ng8 13. Nd1 e5 14. Ne3 Be6 15. Nh2
Nd4 16. Qd1 Nxe2+ 17. Qxe2 h5 18. Nf3 f5 19. exf5 Bxf5 20. Nd5 Bh6 21. Rfe1
Bxd2 22. Qxd2 Rf7 23. Rbd1 Rg7 24. Qg5 Qxg5 25. Nxg5 Rb8 26. Ne4 Bxe4 27. dxe4
b6 28. Re3 Rf7 29. Rg3 Kh7 30. Nc3 Rd8 31. Rgd3 Rf6 32. Nd5 Rf7 33. Nxb6 Rb8
34. Rxd6 Rfb7 35. Na4 a5 36. Rd7+ Kh6 37. Rxb7 Rxb7 38. Rd5 Nf6 39. Rxc5 Nd7
40. Rxa5 Nb6 41. Rb5 Rd7 1-0

[Event "Open de la Loire"]
[Site "Comite Loire Echecs"]
[Date "2005.04.09"]
[Round "5.9"]
[White "Gregoire, Patrick"]
[Black "Desassis, Maxence"]
[Result "1-0"]
[WhiteElo "1450"]
[BlackElo "1390"]
[PlyCount "29"]
[EventDate "2005.??.??"]

1. e4 d6 2. Nc3 Nf6 3. Bc4 g6 4. d4 Bg7 5. Bg5 Nbd7 6. e5 dxe5 7. dxe5 Nxe5 8.
Qxd8+ Kxd8 9. O-O-O+ Ke8 10. Bb3 Nfg4 11. Rd2 Nc6 12. Nf3 Nce5 13. Nb5 Rb8 14.
Nxc7+ Kf8 15. Rd8# 1-0

[Event "Open de la Loire"]
[Site "Comite Loire Echecs"]
[Date "2005.04.09"]
[Round "5.10"]
[White "Gerey, Jean-Pierre"]
[Black "Goudet, Maxence"]
[Result "0-1"]
[WhiteElo "1350"]
[BlackElo "1380"]
[PlyCount "70"]
[EventDate "2005.??.??"]

1. e4 e5 2. Nf3 Nc6 3. Bb5 Nge7 4. c3 a6 5. Ba4 d5 6. Bc2 Be6 7. O-O Ng6 8. d3
Bd6 9. Re1 O-O 10. d4 Qd7 11. h3 f5 12. Ng5 fxe4 13. Qh5 h6 14. Qxg6 hxg5 15.
Bxg5 Bf7 16. Bxe4 Bxg6 17. Bxg6 exd4 18. cxd4 Nxd4 19. Nd2 Bb4 20. Rad1 Qd6 21.
Bh5 Rf5 22. Be7 Qf4 23. Bf3 Bxd2 24. Rf1 Nxf3+ 25. gxf3 Qxf3 26. Rxd2 Qxh3 27.
f4 Qe3+ 28. Rdf2 Qxe7 29. Rh2 Qc5+ 30. Kh1 Raf8 31. Rh4 d4 32. Kg2 Qc2+ 33. Rf2
Qe4+ 34. Rf3 Rxf4 35. Rhxf4 Rxf4 0-1

[Event "Open de la Loire"]
[Site "Comite Loire Echecs"]
[Date "2005.04.09"]
[Round "5.11"]
[White "Veyrat, Gerard"]
[Black "Gregoire, Michele"]
[Result "1-0"]
[WhiteElo "1240"]
[BlackElo "1320"]
[PlyCount "88"]
[EventDate "2005.??.??"]

1. d4 d5 2. c4 Nf6 3. Nc3 e6 4. e3 c5 5. Nf3 Bd6 6. Bd3 O-O 7. Qc2 g6 8. e4
Nxe4 9. Nxe4 dxe4 10. Bxe4 f5 11. Bd3 b6 12. O-O Bb7 13. Be2 Qc7 14. g3 Nd7 15.
Qb3 Rae8 16. d5 exd5 17. cxd5 Nf6 18. Bc4 a6 19. Ng5 Bc8 20. Qf3 b5 21. Ne6
Bxe6 22. dxe6 Re7 23. Bd5 Nxd5 24. Qxd5 Kg7 25. Bg5 Ree8 26. Rfe1 Be7 27. Bxe7
Rxe7 28. Rad1 Rd8 29. Qxd8 Qxd8 30. Rxd8 Kf6 31. Rf8+ Kg7 32. Ra8 c4 33. Rxa6
h5 34. Rb6 Kf6 35. Ra6 b4 36. f4 g5 37. Rb6 gxf4 38. gxf4 h4 39. Rxb4 h3 40.
Rxc4 Rg7+ 41. Kf2 Rg2+ 42. Kf3 Rxb2 43. e7 Rxa2 44. e8=Q Ra3+ 1-0

[Event "Open de la Loire"]
[Site "Comite Loire Echecs"]
[Date "2005.04.09"]
[Round "5.12"]
[White "Conesa, Antoine"]
[Black "Rogues, Jean-Luc"]
[Result "1-0"]
[WhiteElo "1500"]
[BlackElo "1470"]
[PlyCount "40"]
[EventDate "2005.??.??"]

1. e4 e5 2. Nf3 Nc6 3. c3 d6 4. d4 exd4 5. cxd4 Bg4 6. Be3 Nf6 7. Bd3 Be7 8.
Nbd2 O-O 9. a3 a6 10. d5 Ne5 11. Bc2 Qc8 12. Qe2 c6 13. Bd1 cxd5 14. exd5 Bxf3
15. Nxf3 Nh5 16. O-O Bf6 17. Bc2 Nc4 18. Rac1 Bxb2 19. Bxh7+ Kxh7 20. Rxc4 Qe6
1-0

[Event "Open de la Loire"]
[Site "Comite Loire Echecs"]
[Date "2005.04.09"]
[Round "5.13"]
[White "Paratcha, Yohan"]
[Black "Mathieu, Jacques"]
[Result "1/2-1/2"]
[WhiteElo "1440"]
[BlackElo "1500"]
[PlyCount "87"]
[EventDate "2005.??.??"]

1. e4 e5 2. Nf3 d6 3. d4 exd4 4. Nxd4 Be7 5. Bc4 Nf6 6. Nc3 O-O 7. O-O c6 8.
Bd3 c5 9. Nf3 Nc6 10. a3 a6 11. Nd5 Ne5 12. Nxe5 dxe5 13. Nxe7+ Qxe7 14. Bd2 b5
15. b4 c4 16. Be2 Nxe4 17. Bf3 Bb7 18. c3 Rad8 19. Bxe4 Bxe4 20. Re1 Bd3 21.
Ra2 Qd6 22. Rb2 Rfe8 23. Qg4 Re6 24. Be3 Rg6 25. Bc5 Qe6 26. Qxe6 Rxe6 27. h3
f5 28. g3 Rde8 29. f4 e4 30. Kf2 h6 31. g4 g6 32. Kg3 e3 33. Kf3 e2 34. Bf2 Kh7
35. Ra2 fxg4+ 36. hxg4 Rf8 37. Bc5 Rf7 38. Raa1 Ref6 39. Be3 Re6 40. Bd2 g5 41.
f5 Re5 42. Rh1 Rfe7 43. Rae1 Re4 44. Rh2 1/2-1/2

[Event "Open de la Loire"]
[Site "Comite Loire Echecs"]
[Date "2005.04.09"]
[Round "5.14"]
[White "Gidrol, Thibault"]
[Black "Choquelle, Jean"]
[Result "1-0"]
[WhiteElo "1290"]
[BlackElo "1499"]
[PlyCount "79"]
[EventDate "2005.??.??"]

1. e4 c5 2. d3 Nc6 3. Nf3 d6 4. Be3 e5 5. Nbd2 Be7 6. Be2 Nf6 7. O-O O-O 8. h3
b5 9. c3 a6 10. d4 c4 11. d5 Na5 12. b4 Nb7 13. a4 Bd7 14. axb5 Bxb5 15. Bxc4
Qd7 16. Qe2 Nh5 17. Nxe5 dxe5 18. Qxh5 Bd6 19. Bxb5 Qxb5 20. Qg4 Qd3 21. Bh6 g6
22. Qg5 Rfe8 23. Qf6 Bf8 24. Nf3 Qxc3 25. Ng5 Nd8 26. Rac1 Qxb4 27. Rc7 Bxh6
28. Nxf7 Qf8 29. Nxh6+ Qxh6 30. f4 Rf8 31. Qd6 Nf7 32. Qf6 a5 33. fxe5 Ng5 34.
Qd6 Nxe4 35. Qe6+ Kh8 36. Rff7 Ng5 37. Qf6+ Kg8 38. Rg7+ Kh8 39. Rxh7+ Kg8 40.
Qh8# 1-0

[Event "Open de la Loire"]
[Site "Comite Loire Echecs"]
[Date "2005.04.09"]
[Round "5.15"]
[White "Granger, Thierry"]
[Black "Giroux, Sylvain"]
[Result "1-0"]
[WhiteElo "1499"]
[BlackElo "1310"]
[PlyCount "89"]
[EventDate "2005.??.??"]

1. d4 d5 2. c4 Nf6 3. Nf3 Nc6 4. Nc3 e6 5. Bg5 Be7 6. e3 Ne4 7. Bxe7 Nxe7 8.
Qc2 f5 9. Bd3 Nxc3 10. Qxc3 Nc6 11. O-O O-O 12. c5 a6 13. a4 Bd7 14. b4 f4 15.
exf4 Rxf4 16. b5 Ne7 17. Qc2 Nf5 18. Bxf5 Rxf5 19. bxa6 Rxa6 20. a5 c6 21. Qc3
b5 22. axb6 Bc8 23. Ne5 Qe8 24. Ra3 Rxa3 25. Qxa3 Rf4 26. Rd1 Qf8 27. Qb2 Bb7
28. Ra1 h6 29. Ra7 Ba8 30. b7 Bxb7 31. Rxb7 Kh7 32. Qc2+ Kg8 33. Qb2 Kh7 34.
Qb1+ Qf5 35. Qxf5+ Rxf5 36. Nxc6 Rf4 37. Rb4 Re4 38. g3 Kg6 39. Ne5+ Kf5 40.
Nf3 Re2 41. Kg2 Rc2 42. h3 g5 43. Rb8 Ke4 44. Rh8 Kd3 45. Ne1+ 1-0

[Event "Open de la Loire"]
[Site "Comite Loire Echecs"]
[Date "2005.04.09"]
[Round "5.16"]
[White "Brachet, Gerard"]
[Black "Geraci, Georges"]
[Result "1-0"]
[WhiteElo "1340"]
[BlackElo "1310"]
[PlyCount "84"]
[EventDate "2005.??.??"]

1. e4 d6 2. d4 Nf6 3. Nc3 Bd7 4. Nf3 Nc6 5. Bc4 e6 6. O-O Be7 7. a3 h6 8. b4
O-O 9. Bf4 e5 10. dxe5 dxe5 11. Bxe5 Bg4 12. Qxd8 Bxd8 13. Nb5 a6 14. Nxc7 Bxc7
15. Bxc7 Rac8 16. Bd6 Rfd8 17. e5 Ne4 18. Rfe1 Bf5 19. Nh4 g6 20. Re3 Nxe5 21.
Nxf5 gxf5 22. Bxe5 Rxc4 23. c3 Re8 24. Bf4 Kf8 25. Bxh6+ Kg8 26. Rd1 Kh7 27.
Bg5 Kg6 28. h4 Rh8 29. g3 f6 30. Bf4 Nxc3 31. Rd7 b5 32. Ree7 Rg8 33. Rh7 Rxf4
34. gxf4 Ne2+ 35. Kf1 Nxf4 36. f3 Nh5 37. Kg2 f4 38. Kh3 f5 39. Rhe7 Rf8 40.
Ra7 Rf6 41. Rec7 Re6 42. Rc1 Kf6 1-0

[Event "Open de la Loire"]
[Site "Comite Loire Echecs"]
[Date "2005.04.09"]
[Round "6.1"]
[White "Desassis, Gregoire"]
[Black "Roche, Marius"]
[Result "0-1"]
[WhiteElo "1660"]
[BlackElo "1770"]
[PlyCount "50"]
[EventDate "2005.??.??"]

1. d4 g6 2. Nf3 Bg7 3. Bg5 d6 4. e4 h6 5. Bh4 Bg4 6. Nbd2 a6 7. h3 Bd7 8. Bc4
Nc6 9. c3 g5 10. Bg3 Nf6 11. Qb3 O-O 12. Qxb7 Na5 13. Qb4 c5 14. dxc5 Rb8 15.
Qa3 Nxc4 16. Nxc4 Nxe4 17. cxd6 Nxg3 18. dxe7 Re8 19. O-O-O Ne2+ 20. Kb1 Rxe7
21. Rd3 Bf5 22. Nfe5 Bxd3+ 23. Nxd3 Qxd3+ 24. Ka1 Rd7 25. Qa4 Nxc3 0-1

[Event "Open de la Loire"]
[Site "Comite Loire Echecs"]
[Date "2005.04.09"]
[Round "6.2"]
[White "Gaillard, Pierre"]
[Black "Simon, Joel"]
[Result "1-0"]
[WhiteElo "1830"]
[BlackElo "1690"]
[PlyCount "103"]
[EventDate "2005.??.??"]

1. Nf3 d6 2. e4 Nf6 3. Nc3 g6 4. d4 Bg7 5. Bd3 O-O 6. h3 Nbd7 7. O-O c5 8. d5
a6 9. a4 Qa5 10. Be3 Nh5 11. Qd2 Ne5 12. Nxe5 Bxe5 13. f4 Bg7 14. g4 Nf6 15.
Ra3 Bd7 16. f5 Ne8 17. Kh2 Qc7 18. Bh6 Rb8 19. Bxg7 Kxg7 20. Qg5 f6 21. Qh4 g5
22. Qg3 b5 23. axb5 axb5 24. Nd1 b4 25. Ra1 b3 26. c3 Bb5 27. Bxb5 Rxb5 28. Ne3
c4 29. Kg2 Qb6 30. Rh1 Rh8 31. h4 Ra5 32. Rxa5 Qxa5 33. hxg5 fxg5 34. Rh5 h6
35. Nxc4 Qb5 36. Qd3 Nf6 37. Qd4 Rc8 38. Ne3 Qe2+ 39. Kg3 Qxb2 40. e5 Nxh5+ 41.
gxh5 Qxc3 42. f6+ exf6 43. exd6 Qxe3+ 44. Qxe3 b2 45. Qe7+ Kg8 46. Qe6+ Kg7 47.
Qe7+ Kg8 48. d7 Rc3+ 49. Kg4 Rc4+ 50. Kg3 Rc3+ 51. Kf2 Rc2+ 52. Ke3 1-0

[Event "Open de la Loire"]
[Site "Comite Loire Echecs"]
[Date "2005.04.09"]
[Round "6.3"]
[White "Guevorkian, Spartak"]
[Black "Gidon, Rene"]
[Result "1-0"]
[WhiteElo "1699"]
[BlackElo "1540"]
[PlyCount "121"]
[EventDate "2005.??.??"]

1. d4 Nf6 2. Nf3 e6 3. a3 c5 4. Bg5 cxd4 5. Bxf6 Qxf6 6. Qxd4 Be7 7. e3 Nc6 8.
Qxf6 Bxf6 9. c3 O-O 10. Bd3 d5 11. Nbd2 e5 12. Bb5 a6 13. Ba4 b5 14. Bb3 Be6
15. O-O Na5 16. Bc2 Nc4 17. Rab1 e4 18. Nxc4 exf3 19. Nd2 fxg2 20. Kxg2 Rad8
21. Rbd1 Rfe8 22. Nb3 Rc8 23. Na5 Be5 24. Bb3 Bc7 25. Nb7 Re7 26. Bxd5 Bxd5+
27. Rxd5 Bb6 28. Nd6 Rd8 29. Rfd1 Red7 30. e4 f6 31. Nf5 Rxd5 32. Rxd5 Rxd5 33.
exd5 Kf7 34. b3 g6 35. Nd6+ Kf8 36. c4 Bc5 37. Ne4 Bxa3 38. Nxf6 h6 39. Nd7+
Ke7 40. Nb8 bxc4 41. bxc4 Kd6 42. Nxa6 g5 43. Kf3 h5 44. h3 Ke5 45. Ke3 Bf8 46.
Nb8 Bc5+ 47. Kf3 Kd4 48. Nd7 Kxc4 49. Nxc5 Kxc5 50. Ke4 Kd6 51. f3 Kd7 52. Kf5
g4 53. hxg4 hxg4 54. fxg4 Kd6 55. Ke4 Kd7 56. Ke5 Ke7 57. d6+ Kd7 58. Kd5 Kd8
59. Ke6 Ke8 60. d7+ Kd8 61. g5 1-0

[Event "Open de la Loire"]
[Site "Comite Loire Echecs"]
[Date "2005.04.09"]
[Round "6.4"]
[White "Vier, Serge"]
[Black "Pareux, Marc"]
[Result "1-0"]
[WhiteElo "1870"]
[BlackElo "1530"]
[PlyCount "63"]
[EventDate "2005.??.??"]

1. d4 Nf6 2. c4 c5 3. d5 b5 4. cxb5 a6 5. bxa6 Bxa6 6. Nc3 d6 7. Nf3 g6 8. g3
Bg7 9. e4 Bxf1 10. Kxf1 Nbd7 11. h3 O-O 12. Kg2 Qb8 13. Qc2 e6 14. Re1 exd5 15.
exd5 Nb6 16. Rd1 Re8 17. Rb1 Nc4 18. b3 Na3 19. Bxa3 Rxa3 20. Na4 Ne4 21. Re1
f5 22. Nd2 Qb4 23. Nc4 Bd4 24. f3 Rxa4 25. bxa4 Qc3 26. Qxc3 Bxc3 27. Re2 Nf6
28. Rxe8+ Nxe8 29. Rb6 Bb4 30. a5 Nc7 31. Rxd6 Kf8 32. Rd7 1-0

[Event "Open de la Loire"]
[Site "Comite Loire Echecs"]
[Date "2005.04.09"]
[Round "6.5"]
[White "Borron, Herve"]
[Black "Campoy, Jean"]
[Result "1-0"]
[WhiteElo "1520"]
[BlackElo "1450"]
[PlyCount "51"]
[EventDate "2005.??.??"]

1. c4 e5 2. Nc3 Nf6 3. g3 Be7 4. Bg2 c5 5. d3 d6 6. Qb3 Nc6 7. e3 Bd7 8. Qxb7
Rb8 9. Qa6 Rb6 10. Qa4 Qc7 11. Qd1 O-O 12. Nge2 Qc8 13. O-O Bh3 14. f4 Bxg2 15.
Kxg2 Qb7 16. Kg1 Qc8 17. fxe5 Nxe5 18. Nf4 Qd8 19. Ncd5 Nxd5 20. Nxd5 Rb8 21.
Qe2 Re8 22. b3 h6 23. Bb2 Bg5 24. h4 Bxe3+ 25. Nxe3 Ng4 26. Qxg4 1-0